00809nam a2200217 a 450000100100000000500170001000800410002702000180006810000230008624000560010924501180016526000330028330000360031650000290035250400320038170000230041370000200043695201050045699900170056104000130057800004080020201002034404.0130906s2010 sp ac 000 0 spa d a97884989752531 aBehar, Ruth96722210aTítulo original: An island called homelespañol 4aUna isla llamada hogar /cRuth Behar ; fotografías de Humberto Mayol ; traducción al español, César Mora. aBarcelona :bLinkgua,c2010. a339 p. :bil., retrs. ;c23 cm. aCronología: p. 311-324 aBibliografía : p. 329-3331 aBehar, Ruth9672221 aJudíos967223 001050718MOaGRbGRcCTd2013-09-06iLF1l0o p40800-10r2020-06-25w2020-06-25y1ZNo se presta c40290d40290 aDO-SdBNP